000 nam a22 a 4500
999 _c390027
_d390027
003 BLK
005 20201014102610.0
008 201014b bu ||||| |||| 00| 0 bu d
040 _aBLK
041 _aBUL
_cBUL
080 _aФренска литература
_b821.133.1
_x-95
_z821.133.1-95
100 _91299
_aТолстой, Лев Николаевич
_eпърви автор
245 _aЕ. Зола и А. Дюма
_bС крит. бележки
_cL. Tolstoi ; Прев. от фр. Стоян Е. Русев
260 _9405960
_aСофия
_bпеч. на Ив. П. Даскалов и С-ие
_c1896
300 _a47 с.
_c25 см
380 _a82
490 _9435080
_aКолекция Редки и ценни издания
600 0 _9426357
_aЗола, Емил
600 0 _9364540
_aДюма, Александър
650 0 _9249194
_aПисатели, френски
700 _91177
_aРусев, Стоян
_eпрев. от фр.
852 _aРб 896
_bРц
942 _cKNG
_n0
_s1
944 _aCR
_c2020-10-14
_kВЙ